Os Lusíadas (Registo nº 394)

Detalhes MARC
000 -Etiqueta do registo
Cabeçalho 00920nam0a2200277 4500
005 - Identificador da versão
Campo de controlo 20240821224913.0
010 ## - Número internacional normalizado dos livros (ISBN)
Número (ISBN) 9722217585
021 ## - Número do Depósito Legal
Código do país PT
Número 151764/00
100 ## - Dados gerais de processamento
Dados gerais de processamento 20150622d2000 d y0pory5003 ba
101 0# - Língua de publicação
Língua do texto, banda sonora, etc. Português
102 ## - Pais de publicação ou produção
País de publicação Portugal
200 1# - Titulo e menção de responsabilidade
Título próprio Os Lusíadas
Primeira menção de responsabilidade Luís de Camões
Outras menções de responsabilidade adapt. António Manuel Couto Viana
-- il. Augusto Trigo
210 ## - Publicação, Distribuição, etc. 
Lugar da edição, distribuição, etc. [Lisboa]
Nome do editor, distribuidor, etc. Verbo
Data da publicação, distribuição, etc. D. L. 2000
215 ## - Descrição física 
Indicação específica da natureza do documento e extensão da espécie 171 p.
Outras indicações físicas il
225 2# - Colecção 
Título próprio da colecção O prazer de ler
Nome de uma parte ou secção Clássicos juvenis
Indicação de volume 20
606 ## - Nome comum usado como assunto
Número de registo de entrada de autoridade 0002007
Palavra de ordem Literatura portuguesa
Subdivisão de assunto Poesia
Código do sistema CA
Número de registo de entrada de autoridade 0002024
Palavra de ordem Literatura portuguesa
Subdivisão de assunto Romances históricos
Código do sistema CA
675 ## - Classificação Decimal Universal (CDU)
Notação 821.134.3-1
Edição 3ª ed.
Língua da edição por
Notação 821.134.3-311.6
Edição 3ª ed.
Língua da edição por
702 #1 - Nome de autor-pessoa física (responsabilidade secundária)
Número de registo de entrada de autoridade 0002287
Palavra de ordem Camões
Outra parte do nome não tomada para palavra de ordem Luís Vaz de
Datas 1524?-1580
Código de função Antecedente bibliográfico
Número de registo de entrada de autoridade 0002294
Palavra de ordem Trigo
Outra parte do nome não tomada para palavra de ordem Augusto
Datas 1938-
Código de função Ilustrador / Técnico de desenho computorizado
Número de registo de entrada de autoridade 0002913
Palavra de ordem Viana
Outra parte do nome não tomada para palavra de ordem António Manuel Couto
Datas 1923-2010
Código de função Adaptador
942 ## - Elementos de entrada adicionados (Koha)
Tipo de item no Koha Livro
966 ## - Identificação da Biblioteca
Sigla EB2,3ENM
Exemplares
Situação do levantamento Origin of item (home branch) (coded) Biblioteca de empréstimo Código de barras Cota Circulation type (not for loan) Tipo de documento Nota do exemplar Damaged status
  Biblioteca Escolar Eng. Nuno Mergulhão Biblioteca Escolar Eng. Nuno Mergulhão BENM409 82LP-1 CAM   Livro Sem mensagem